000 00241nam a2200097Ia 4500
008 230915s9999 xx 000 0 und d
050 _aRM 300.F85 2009
100 _aSAUNDERS ELSEVIER
245 0 _aPHARMACOLOGY AND APPLICATIONS
942 _cBK
999 _c199533
_d199533